000
00314nam a2200109Ia 4500
008
200302s9999 xx 000 0 und d
100
_a
D. A. C. A. Boyne & Others
245
_a
Architects Working Details British & Foreign Examples Vol 15
260
_b
The Architectural Press Ltd.
260
_c
1977
300
_a
167 P.,
999
_c
181
_d
181